[Event "23rd EUR-ch"]
[Site "Vrnjacka Banja SRB"]
[Date "2023.03.12"]
[Round "10.143"]
[White "Atakishiyev, Elmar"]
[Black "Sherman, Reem"]
[Result "1/2-1/2"]
[WhiteElo "2344"]
[BlackElo "2126"]
[EventDate "2023.03.03"]
[PlyCount "90"]

1.d4 Nf6 2.c4 g6 3.g3 Bg7 4.Bg2 d6 5.Nf3 O-O 6.O-O Nbd7 7.Nc3 e5 8.e4 a6 
9.h3 exd4 10.Nxd4 Re8 11.Be3 Rb8 12.a4 Nc5 13.Qc2 a5 14.Rfe1 Bd7 15.f4 c6 
16.Rad1 Qc7 17.Bf2 h5 18.Nf3 b6 19.f5 d5 20.fxg6 fxg6 21.cxd5 cxd5 22.Nxd5
Nxd5 23.exd5 Bf5 24.Qc4 Qd7 25.d6+ Be6 26.Qb5 Nxa4 27.Qg5 Nxb2 28.Rd2 Nc4 
29.Rde2 Bf7 30.Rxe8+ Rxe8 31.Rxe8+ Qxe8 32.Qf4 a4 33.Ng5 a3 34.Bc6 Qf8 35.
d7 Ne5 36.Bd5 Nxd7 37.Bxf7+ Kh8 38.Ne6 a2 39.Bd4 Qxf7 40.Qxf7 Bxd4+ 41.Kg2
a1=Q 42.Qe8+ Kh7 43.Qxd7+ Bg7 44.Ng5+ Kh6 45.Nf7+ Kh7 1/2-1/2

[Event "23rd EUR-ch"]
[Site "Vrnjacka Banja SRB"]
[Date "2023.03.12"]
[Round "10.144"]
[White "Vasilkov, Nikolai"]
[Black "Van Foreest, Machteld"]
[Result "1/2-1/2"]
[WhiteElo "1931"]
[BlackElo "2341"]
[EventDate "2023.03.03"]
[PlyCount "118"]

1.e4 e5 2.Nf3 Nc6 3.Bb5 a6 4.Ba4 Bc5 5.O-O Nge7 6.c3 Ng6 7.d4 Ba7 8.Bg5 f6
9.Be3 O-O 10.Na3 d6 11.h3 Kh8 12.Nc2 b5 13.Bb3 Na5 14.Nb4 Bb7 15.Bc2 Nc4 
16.Bc1 Nb6 17.d5 a5 18.Nd3 c6 19.dxc6 Bxc6 20.Qe2 Qe7 21.h4 Qd7 22.h5 Ne7 
23.Nh4 d5 24.Rd1 Nc4 25.b3 Nd6 26.exd5 Bxd5 27.Ba3 b4 28.Bc1 bxc3 29.Ba3 
Bd4 30.Nf4 exf4 31.Rxd4 Nb5 32.Qd3 f5 33.Ng6+ hxg6 34.hxg6 f3 35.Rh4+ Kg8 
36.Bxe7 Rfe8 37.Re1 Ra6 38.Re5 Rxg6 39.g3 Be6 40.Qxd7 Bxd7 41.Bd3 Re6 42.
Rxe6 Bxe6 43.Bg5 Nc7 44.Rd4 Nd5 45.Bxf5 Bxf5 46.Rxd5 Re1+ 47.Kh2 Bb1 48.
Rxa5 Re2 49.Kg1 Bxa2 50.Rc5 Bxb3 51.Rxc3 Be6 52.Re3 Bg4 53.Rxe2 fxe2 54.
Bd2 Bf3 55.g4 Bxg4 56.Kg2 Kf7 57.f3 Bd7 58.Kf2 Bb5 59.Ba5 Kf6 1/2-1/2

[Event "23rd EUR-ch"]
[Site "Vrnjacka Banja SRB"]
[Date "2023.03.12"]
[Round "10.145"]
[White "Sahakian, Aleks"]
[Black "Shvedova, Alexandra"]
[Result "1-0"]
[WhiteElo "2343"]
[BlackElo "2083"]
[EventDate "2023.03.03"]
[PlyCount "69"]

1.Nf3 d5 2.g3 Nc6 3.c4 d4 4.Bg2 e5 5.O-O Nf6 6.d3 Bc5 7.b4 Bxb4 8.Nxe5 
Nxe5 9.Qa4+ Nc6 10.Bxc6+ bxc6 11.Qxb4 Bh3 12.Re1 Qd6 13.Ba3 Qxb4 14.Bxb4 
O-O-O 15.Nd2 Rhe8 16.Nb3 Nd7 17.Ba3 c5 18.Bxc5 Nxc5 19.Nxc5 Re5 20.Nb3 g5 
21.f3 Bf5 22.Kf2 g4 23.f4 Re6 24.Rab1 Rh6 25.Rh1 Re6 26.Nc5 Re3 27.Rb2 Rd6
28.Rhb1 Rb6 29.a4 Rxb2 30.Rxb2 Re7 31.Rb7 a6 32.Ra7 Kb8 33.Rxa6 Bc8 34.Rh6
f5 35.Rf6 1-0

[Event "23rd EUR-ch"]
[Site "Vrnjacka Banja SRB"]
[Date "2023.03.12"]
[Round "10.146"]
[White "Blagojevic, Tijana"]
[Black "Alexakis, Dimitris"]
[Result "0-1"]
[WhiteElo "2238"]
[BlackElo "2472"]
[EventDate "2023.03.03"]
[PlyCount "90"]

1.e4 c5 2.Nf3 e6 3.g3 Nc6 4.d4 cxd4 5.Nxd4 a6 6.Bg2 Qc7 7.O-O d6 8.Nxc6 
bxc6 9.c4 Nf6 10.Nc3 Nd7 11.b3 Be7 12.Ba3 O-O 13.Na4 Bb7 14.c5 d5 15.Re1 
a5 16.Bf1 Rad8 17.Qe2 Nf6 18.e5 Nd7 19.Rad1 Rde8 20.Bh3 Kh8 21.Qe3 f5 22.
Bf1 Rf7 23.f4 g5 24.Kh1 Rg8 25.Nc3 h5 26.Ne2 h4 27.gxh4 g4 28.h5 Nb8 29.
Ng3 Ba6 30.Kg1 Bxf1 31.Kxf1 Na6 32.Qd4 Qa7 33.Rc1 Rb8 34.Rc2 Nb4 35.Bxb4 
Rxb4 36.Qe3 Bf8 37.a3 Rb5 38.Rec1 d4 39.Qxd4 Rd7 40.Qc4 Rxc5 41.Qe2 Rxc2 
42.Rxc2 Qd4 43.Rc4 Qa1+ 44.Kg2 Qxa3 45.Qf2 c5 0-1

[Event "23rd EUR-ch"]
[Site "Vrnjacka Banja SRB"]
[Date "2023.03.12"]
[Round "10.147"]
[White "Sgircea, Silvia-Raluca"]
[Black "Kochavi, Ori"]
[Result "1/2-1/2"]
[WhiteElo "2214"]
[BlackElo "2417"]
[EventDate "2023.03.03"]
[PlyCount "103"]

1.Nf3 Nf6 2.c4 e6 3.Nc3 d5 4.e3 Be7 5.b3 b6 6.Bb2 Bb7 7.cxd5 exd5 8.Ne2 
O-O 9.g3 a5 10.Bg2 Nbd7 11.O-O a4 12.Rc1 axb3 13.axb3 Ba3 14.Bxa3 Rxa3 15.
b4 c5 16.bxc5 bxc5 17.Ra1 Qa5 18.Rxa3 Qxa3 19.Qa1 Ra8 20.Qxa3 Rxa3 21.Rb1 
Ba6 22.Nf4 g6 23.Bf1 Bxf1 24.Kxf1 d4 25.Ke2 dxe3 26.fxe3 Ra2 27.Rc1 h6 28.
Nd3 Ne4 29.Nf2 Nd6 30.Nd1 g5 31.Nc3 Ra3 32.Rb1 Ra5 33.Rb2 Ra1 34.Rb1 Ra8 
35.Rb2 g4 36.Ne1 Ne5 37.Ra2 Rd8 38.Ra4 h5 39.Ne4 Nxe4 40.Rxe4 f6 41.d4 
cxd4 42.exd4 Nc6 43.Nc2 Kf7 44.Ke3 Rb8 45.Kd3 Rb3+ 46.Kd2 Ne7 47.Re3 Rb8 
48.Ra3 Nf5 49.Kd3 Rd8 50.Ra4 h4 51.Ne3 hxg3 52.hxg3 1/2-1/2

[Event "23rd EUR-ch"]
[Site "Vrnjacka Banja SRB"]
[Date "2023.03.12"]
[Round "10.148"]
[White "Tudor, Henry Edward"]
[Black "Neverov, Valeriy"]
[Result "0-1"]
[WhiteElo "2201"]
[BlackElo "2414"]
[EventDate "2023.03.03"]
[PlyCount "110"]

1.d4 Nf6 2.c4 g6 3.Nc3 Bg7 4.e4 d6 5.Nf3 O-O 6.Be2 Na6 7.O-O e5 8.Be3 Ng4 
9.Bg5 f6 10.Bc1 c6 11.c5 exd4 12.Nxd4 dxc5 13.Qb3+ Kh8 14.Ne6 Bxe6 15.Qxe6
f5 16.Bxg4 fxg4 17.Qxg4 c4 18.Bg5 Qc8 19.Qg3 Qc7 20.f4 Qb6+ 21.Kh1 Qxb2 
22.e5 Qc2 23.Rae1 Nc5 24.Rf2 Qf5 25.Rf3 Rae8 26.Qh4 Kg8 27.g4 Qd7 28.Ref1 
b5 29.Qh3 b4 30.Ne2 Ne4 31.Qh4 Qd5 32.Kg1 Nxg5 33.Qxg5 Rxe5 34.fxe5 Rxf3 
35.Rxf3 Qxf3 36.Ng3 Qd1+ 37.Kg2 Qd5+ 38.Kh3 Bxe5 39.Qe3 Bxg3 40.Kxg3 b3 
41.Qe8+ Kg7 42.Qe7+ Qf7 43.Qe5+ Qf6 44.Qc7+ Kh6 45.axb3 cxb3 46.h4 g5 47.
hxg5+ Kxg5 48.Qa5+ Kg6 49.Qh5+ Kg7 50.Qc5 a6 51.Qa7+ Kg6 52.Qxa6 Qc3+ 53.
Kh4 b2 54.Qc8 Qe1+ 55.Kh3 b1=Q 0-1

[Event "23rd EUR-ch"]
[Site "Vrnjacka Banja SRB"]
[Date "2023.03.12"]
[Round "10.149"]
[White "Levitan, Ronit"]
[Black "Kanov, Nikola"]
[Result "1/2-1/2"]
[WhiteElo "2185"]
[BlackElo "2392"]
[EventDate "2023.03.03"]
[PlyCount "88"]

1.e4 e5 2.Nf3 Nc6 3.Nc3 Nf6 4.Bb5 Bb4 5.O-O O-O 6.Bxc6 dxc6 7.d3 Re8 8.Ne2
Bd6 9.Ng3 c5 10.Kh1 Nd7 11.Be3 Nf8 12.Ng1 Ne6 13.N3e2 b6 14.b3 Bb7 15.f4 
exf4 16.Nxf4 Bxf4 17.Bxf4 f5 18.exf5 Nd4 19.Qg4 Qd7 20.Bh6 g6 21.Rf2 Nxf5 
22.Raf1 Re5 23.Nf3 Rd5 24.Bc1 Re8 25.Qf4 Qg7 26.Qa4 Rdd8 27.Bg5 Ra8 28.Nh4
Nd6 29.Qf4 Qd4 30.Bh6 Qxf4 31.Rxf4 Bd5 32.Rf6 Nf7 33.Bc1 Re2 34.c4 Be6 35.
Nf3 Re8 36.Ng5 Nxg5 37.Bxg5 Kg7 38.R6f3 h6 39.Bf4 Re7 40.h3 Bf5 41.Kg1 
Rxa2 42.g4 g5 43.Bxg5 hxg5 44.Rxf5 Ree2 1/2-1/2

[Event "23rd EUR-ch"]
[Site "Vrnjacka Banja SRB"]
[Date "2023.03.12"]
[Round "10.152"]
[White "Adan Bermudez, Sergio"]
[Black "Ravic, Nenad"]
[Result "1-0"]
[WhiteElo "2338"]
[BlackElo "2238"]
[EventDate "2023.03.03"]
[PlyCount "81"]

1.c4 Nf6 2.Nc3 g6 3.e4 d6 4.d4 Bg7 5.Be2 O-O 6.Be3 c5 7.d5 b5 8.cxb5 a6 9.
a4 axb5 10.axb5 Rxa1 11.Qxa1 e6 12.dxe6 fxe6 13.Nf3 Nbd7 14.Qa2 Qe7 15.O-O
h6 16.Nh4 Ne5 17.f4 Nfg4 18.Nxg6 Qe8 19.Nxf8 Nxe3 20.fxe5 Nxf1 21.Nxe6 
Bxe6 22.Bc4 Bxc4 23.Qxc4+ Kh8 24.Qxf1 Bxe5 25.h3 Bxc3 26.bxc3 Qxe4 27.Qf6+
Kh7 28.Kh2 Qb7 29.c4 d5 30.Qf5+ Kg7 31.Qxd5 Qxd5 32.cxd5 c4 33.b6 c3 34.b7
c2 35.b8=Q c1=Q 36.Qe5+ Kf7 37.d6 Qd2 38.Kg3 Qd3+ 39.Kh4 Qd2 40.g3 Qd1 41.
Qh5+ 1-0

[Event "23rd EUR-ch"]
[Site "Vrnjacka Banja SRB"]
[Date "2023.03.12"]
[Round "10.153"]
[White "Bauer, Thomas"]
[Black "Velikic, Adela"]
[Result "0-1"]
[WhiteElo "2151"]
[BlackElo "2329"]
[EventDate "2023.03.03"]
[PlyCount "44"]

1.e4 e6 2.d4 d5 3.Nc3 Nf6 4.Bg5 dxe4 5.Nxe4 Be7 6.Bxf6 gxf6 7.g3 Bd7 8.Qe2
Bc6 9.Nf3 Qd5 10.Ned2 Nd7 11.c3 O-O-O 12.b4 Qh5 13.Bg2 Nb6 14.O-O Rhg8 15.
Kh1 Nd5 16.Rac1 Bd6 17.Nc4 f5 18.Nxd6+ cxd6 19.Qd2 Nf6 20.Ne1 Bxg2+ 21.
Kxg2 Rg6 22.Nd3 Rh6 0-1

[Event "23rd EUR-ch"]
[Site "Vrnjacka Banja SRB"]
[Date "2023.03.12"]
[Round "10.154"]
[White "Yurtseven, Melih"]
[Black "Shatil, Shir"]
[Result "1-0"]
[WhiteElo "2327"]
[BlackElo "2222"]
[EventDate "2023.03.03"]
[PlyCount "63"]

1.d4 Nf6 2.c4 e6 3.Nc3 Bb4 4.e3 O-O 5.Bd3 c5 6.Ne2 Nc6 7.O-O d5 8.a3 dxc4 
9.Bxc4 Bxc3 10.bxc3 Qc7 11.Ba2 Rd8 12.Bb2 b6 13.c4 cxd4 14.exd4 Qd6 15.Rc1
Bb7 16.d5 exd5 17.cxd5 Ne7 18.Qa4 Nexd5 19.Rfd1 Qd7 20.Qb3 Qe8 21.Re1 Rac8
22.Rcd1 Rc7 23.Ng3 Re7 24.Rxe7 Qxe7 25.Nf5 Qe6 26.Bxf6 Qxf6 27.Qd3 Ba6 28.
Qxa6 Nc3 29.Rxd8+ Qxd8 30.Bc4 Qd1+ 31.Bf1 h6 32.Qc8+ 1-0

[Event "23rd EUR-ch"]
[Site "Vrnjacka Banja SRB"]
[Date "2023.03.12"]
[Round "10.155"]
[White "Farkas, Sandor"]
[Black "Ciorgovean, Iustin"]
[Result "1-0"]
[WhiteElo "2064"]
[BlackElo "2325"]
[EventDate "2023.03.03"]
[PlyCount "79"]

1.d4 Nf6 2.Nf3 c5 3.d5 b5 4.e4 Nxe4 5.Bd3 Nf6 6.Bxb5 g6 7.O-O Bg7 8.c4 O-O
9.Re1 d6 10.Nc3 a6 11.Ba4 Nbd7 12.Bc6 Ra7 13.Qe2 Nb6 14.h3 e5 15.Be3 a5 
16.Nxe5 dxe5 17.Nb5 Ra6 18.Bxc5 Nbd7 19.Bd6 Ne8 20.Bxf8 Kxf8 21.f4 exf4 
22.Qe4 f3 23.Qxf3 Ne5 24.Qa3+ Qe7 25.Qxe7+ Kxe7 26.Bxe8 Kxe8 27.Nc7+ Kd7 
28.Nxa6 Bxa6 29.c5 Nd3 30.c6+ Kd6 31.Re8 Bxb2 32.Rd8+ Kc5 33.Rb1 Bd4+ 34.
Kh1 Be5 35.Ra8 Bc4 36.Rxa5+ Kd6 37.Rb7 Nc5 38.Rxc5 Kxc5 39.c7 Ba6 40.c8=Q+
1-0

[Event "23rd EUR-ch"]
[Site "Vrnjacka Banja SRB"]
[Date "2023.03.12"]
[Round "10.156"]
[White "Alexakis, Dimitrios"]
[Black "Gorodetzky, Matan"]
[Result "0-1"]
[WhiteElo "2024"]
[BlackElo "2319"]
[EventDate "2023.03.03"]
[PlyCount "26"]

1.e4 e6 2.d4 d5 3.e5 c5 4.c3 Nc6 5.Nf3 Bd7 6.Bd3 cxd4 7.cxd4 Qb6 8.O-O 
Nxd4 9.Nbd2 Be7 10.Nxd4 Qxd4 11.Nf3 Qb4 12.b3 Qa5 13.Bd2 Qd8 0-1

[Event "23rd EUR-ch"]
[Site "Vrnjacka Banja SRB"]
[Date "2023.03.12"]
[Round "10.157"]
[White "Bodiroga, Predrag"]
[Black "Stankovic, Boris"]
[Result "1/2-1/2"]
[WhiteElo "2314"]
[BlackElo "2208"]
[EventDate "2023.03.03"]
[PlyCount "60"]

1.d4 Nf6 2.c4 g6 3.Nc3 Bg7 4.e4 d6 5.h3 O-O 6.Be3 e5 7.d5 a5 8.g4 Na6 9.
Nge2 Nd7 10.Ng3 Ndc5 11.Qd2 c6 12.Be2 cxd5 13.cxd5 Bd7 14.h4 Rb8 15.h5 b5 
16.Bh6 Qe7 17.Bxg7 Kxg7 18.Nd1 Nb4 19.Ne3 Kg8 20.Rg1 Rbc8 21.f3 Qg5 22.Kf2
Qf4 23.Rad1 Rc7 24.b3 Rfc8 25.Ng2 Qf6 26.Ne3 Qf4 27.Ng2 Qf6 28.Ne3 Nb7 29.
Rc1 Nc5 30.Rcd1 Qf4 1/2-1/2

[Event "23rd EUR-ch"]
[Site "Vrnjacka Banja SRB"]
[Date "2023.03.12"]
[Round "10.158"]
[White "Banov, Boil"]
[Black "Denishev, Marat"]
[Result "1/2-1/2"]
[WhiteElo "2016"]
[BlackElo "2303"]
[EventDate "2023.03.03"]
[PlyCount "82"]

1.e4 c5 2.Nf3 d6 3.Bb5+ Nd7 4.O-O a6 5.Bxd7+ Bxd7 6.d4 cxd4 7.Qxd4 e5 8.
Qd3 h6 9.a4 Nf6 10.c4 Be7 11.Nc3 O-O 12.b3 Be6 13.Rd1 Qc7 14.Be3 Rac8 15.
a5 Rfe8 16.Ne1 Nh5 17.Nc2 Bf8 18.Nb4 Nf6 19.Nbd5 Nxd5 20.Nxd5 Qd8 21.Ra2 
Qh4 22.Rad2 Qh5 23.Bb6 Rc6 24.Qg3 Kh8 25.Nc7 Re7 26.Nd5 Bxd5 27.Rxd5 Re6 
28.R1d3 Be7 29.Qf3 Qg6 30.h3 Bg5 31.Qf5 Be7 32.g4 Kg8 33.Kg2 Rf6 34.Qxg6 
Rxg6 35.f3 Kf8 36.Rd1 Ke8 37.Kf2 Re6 38.Ke3 Bg5+ 39.Kd3 Rf6 40.Ke2 Re6 41.
Kd3 Rf6 1/2-1/2

[Event "23rd EUR-ch"]
[Site "Vrnjacka Banja SRB"]
[Date "2023.03.12"]
[Round "10.159"]
[White "Skvortsov, Andrei"]
[Black "Angun, Batu"]
[Result "1-0"]
[WhiteElo "2298"]
[BlackElo "2206"]
[EventDate "2023.03.03"]
[PlyCount "52"]

1.e4 c5 2.Nc3 d6 3.d4 cxd4 4.Qxd4 Nc6 5.Qd3 g6 6.Nf3 Bg7 7.Be2 Nf6 8.O-O 
O-O 9.Nd5 Nd7 10.c3 Nde5 11.Nxe5 Nxe5 12.Qc2 e6 13.Ne3 f5 14.f4 Nc6 15.
exf5 gxf5 16.Bf3 Qf6 17.Qf2 Kh8 18.Nc2 e5 19.Be3 Be6 20.Rfd1 Rad8 21.Rd2 
Rd7 22.Bd5 Ne7 23.Bxe6 Qxe6 24.Rad1 Ng6 25.fxe5 Nxe5 26.Nd4 Qxa2 1-0

[Event "23rd EUR-ch"]
[Site "Vrnjacka Banja SRB"]
[Date "2023.03.12"]
[Round "10.160"]
[White "Celik, Ali Alper"]
[Black "Leszko, Bence"]
[Result "1/2-1/2"]
[WhiteElo "1961"]
[BlackElo "2283"]
[EventDate "2023.03.03"]
[PlyCount "54"]

1.e4 g6 2.d4 Nf6 3.Nc3 d5 4.e5 Ne4 5.Nxe4 dxe4 6.Be3 Bg7 7.g3 c5 8.c3 cxd4
9.cxd4 Be6 10.Bg2 Bd5 11.Ne2 f6 12.exf6 exf6 13.Nc3 f5 14.O-O O-O 15.Qd2 
Nc6 16.Rfd1 Bc4 17.Na4 Qd6 18.d5 Ne5 19.Bc5 Qf6 20.Bxf8 Qxf8 21.Rac1 b5 
22.b3 Bxb3 23.axb3 bxa4 24.bxa4 Nd3 25.Rc2 Rd8 26.Qg5 Bd4 27.Bf1 Bb6 
1/2-1/2

[Event "23rd EUR-ch"]
[Site "Vrnjacka Banja SRB"]
[Date "2023.03.12"]
[Round "10.161"]
[White "Kristoferitsch, Daniel"]
[Black "Voiteanu, Gabriel"]
[Result "1-0"]
[WhiteElo "2282"]
[BlackElo "2155"]
[EventDate "2023.03.03"]
[PlyCount "59"]

1.d4 d5 2.c4 c6 3.Nc3 Nf6 4.e3 Bf5 5.cxd5 cxd5 6.Qb3 Nc6 7.Qxb7 Bd7 8.Qb3 
Rb8 9.Qd1 e5 10.Nf3 Bd6 11.dxe5 Nxe5 12.Be2 Nxf3+ 13.Bxf3 Qc7 14.h3 O-O 
15.O-O Bh2+ 16.Kh1 Be5 17.Nxd5 Nxd5 18.Bxd5 Rfd8 19.e4 Bxb2 20.Rb1 Bc3 21.
Rxb8 Rxb8 22.Qf3 Be6 23.Be3 Be5 24.Rc1 Bxd5 25.Rxc7 Bxc7 26.Bf4 Rb1+ 27.
Kh2 Bxf4+ 28.Qxf4 Be6 29.Qc7 f5 30.Qe7 1-0

[Event "23rd EUR-ch"]
[Site "Vrnjacka Banja SRB"]
[Date "2023.03.12"]
[Round "10.163"]
[White "Dobre, Claudiu-Cristian"]
[Black "Cox, Tristan"]
[Result "0-1"]
[WhiteElo "2271"]
[BlackElo "1975"]
[EventDate "2023.03.03"]
[PlyCount "192"]

1.c4 g6 2.Nf3 Nf6 3.d4 Bg7 4.b4 O-O 5.e3 d6 6.Bb2 Nbd7 7.Qb3 c5 8.a3 cxd4 
9.Nxd4 e5 10.Nf3 Nb6 11.Nc3 h6 12.Rd1 Qe7 13.a4 e4 14.Nd2 Bg4 15.Rc1 a5 
16.h3 Bf5 17.Ba3 Nbd7 18.Nb5 axb4 19.Qxb4 Nc5 20.Nxd6 Qxd6 21.Qxc5 Qd7 22.
Qb5 Rfd8 23.Qxd7 Nxd7 24.g4 Be6 25.Nxe4 Rxa4 26.Bd6 Rc8 27.Nd2 b5 28.c5 b4
29.Bc4 Bxc4 30.Nxc4 b3 31.Nd2 b2 32.Rb1 Nxc5 33.Bxc5 Rxc5 34.Ke2 Ra1 35.
Nb3 Rc2+ 36.Kf3 Ra3 37.Nc1 bxc1=Q 38.Rhxc1 Raa2 39.Rxc2 Rxc2 40.Rb5 Bf6 
41.Kg3 Re2 42.Rc5 Be7 43.Rb5 Kg7 44.h4 Bd6+ 45.Kf3 Re1 46.h5 g5 47.Rb6 Bf8
48.Rb5 Rc1 49.Ke4 Rc4+ 50.Kf3 Rc5 51.Rb7 Bd6 52.Ra7 Bc7 53.Ke4 Ba5 54.Kf3 
Bc3 55.Rb7 Rc6 56.Ra7 Kf6 57.Rb7 Ke6 58.Ke4 Be5 59.Ra7 Rc4+ 60.Kf3 Bd6 61.
Ra5 Rc5 62.Ra8 Kf6 63.Ra6 Ke5 64.Ra7 f5 65.gxf5 Kxf5 66.Rf7+ Ke6 67.Rh7 
Rf5+ 68.Kg4 Rf6 69.f3 Bc5 70.f4 Bxe3 71.fxg5 hxg5 72.h6 Rf1 73.Rh8 Kf7 74.
Rc8 Kg6 75.Rc6+ Kh7 76.Re6 Bf4 77.Kf5 Rh1 78.Ra6 Rxh6 79.Ra7+ Kg8 80.Ra8+ 
Kf7 81.Ra7+ Ke8 82.Ra8+ Kd7 83.Ra7+ Kc8 84.Rf7 Rc6 85.Re7 Rc7 86.Re4 Rc5+ 
87.Kg4 Kd7 88.Re1 Kd6 89.Re8 Kd5 90.Re7 Kd4 91.Re2 Rc3 92.Rg2 Ke3 93.Ra2 
Kd4 94.Rg2 Ke4 95.Rg1 Rc2 96.Re1+ Be3 0-1

[Event "23rd EUR-ch"]
[Site "Vrnjacka Banja SRB"]
[Date "2023.03.12"]
[Round "10.164"]
[White "Savicevic, Vlatko"]
[Black "Orian, Noga"]
[Result "1-0"]
[WhiteElo "2268"]
[BlackElo "1957"]
[EventDate "2023.03.03"]
[PlyCount "41"]

1.e4 c5 2.Ne2 d5 3.exd5 Qxd5 4.Nbc3 Qd8 5.d4 cxd4 6.Qxd4 Qxd4 7.Nxd4 a6 8.
Nd5 Kd8 9.Nb6 Ra7 10.Be3 Bg4 11.f3 Bh5 12.O-O-O Ke8 13.Bb5+ axb5 14.Nxb5 
Na6 15.Nxa7 e6 16.Rd2 f5 17.Rd7 Nc5 18.Rc7 Na6 19.Rxb7 Ne7 20.Rd1 Kf7 21.
Nc6 1-0

[Event "23rd EUR-ch"]
[Site "Vrnjacka Banja SRB"]
[Date "2023.03.12"]
[Round "10.165"]
[White "Goroskov, Maksim"]
[Black "Dumbelovic, Novak"]
[Result "1-0"]
[WhiteElo "2265"]
[BlackElo "1948"]
[EventDate "2023.03.03"]
[PlyCount "75"]

1.Nf3 Nf6 2.b3 g6 3.Bb2 Bg7 4.e3 d6 5.d4 O-O 6.Be2 Nbd7 7.O-O b6 8.c4 Bb7 
9.Nc3 e5 10.dxe5 dxe5 11.Qc2 Qe7 12.Rad1 Rfd8 13.Nd5 Nxd5 14.cxd5 Qc5 15.
Qxc5 Nxc5 16.Bxe5 Bxe5 17.Nxe5 Bxd5 18.f3 Kg7 19.e4 Bb7 20.b4 Na4 21.Rc1 
c6 22.Nxc6 Rd2 23.Bb5 Nb2 24.Ne5 a6 25.Bc4 f6 26.Ng4 f5 27.exf5 gxf5 28.
Bb3 fxg4 29.Rc7+ Kh6 30.Rxb7 Re8 31.Rxb6+ Kg5 32.Be6 Nd3 33.Rd6 Rxg2+ 34.
Kxg2 Nf4+ 35.Kg3 h5 36.h4+ gxh3 37.Rd5+ Nxd5 38.Bxd5 1-0

[Event "23rd EUR-ch"]
[Site "Vrnjacka Banja SRB"]
[Date "2023.03.12"]
[Round "10.166"]
[White "Parligras, Cosmin"]
[Black "Poupalos, Nikolaos"]
[Result "1/2-1/2"]
[WhiteElo "2260"]
[BlackElo "1906"]
[EventDate "2023.03.03"]
[PlyCount "21"]

1.Nf3 d5 2.d4 Nf6 3.c4 e6 4.g3 h6 5.Bg2 Bd6 6.O-O O-O 7.b3 b6 8.Bb2 Bb7 9.
Nc3 Ne4 10.Nd2 f5 11.e3 1/2-1/2

[Event "23rd EUR-ch"]
[Site "Vrnjacka Banja SRB"]
[Date "2023.03.12"]
[Round "10.167"]
[White "Todorovic, Bojan"]
[Black "Yonal, Timur"]
[Result "0-1"]
[WhiteElo "2249"]
[BlackElo "1859"]
[EventDate "2023.03.03"]
[PlyCount "66"]

1.Nf3 d5 2.g3 Nf6 3.Bg2 g6 4.b3 Bg7 5.Bb2 O-O 6.O-O c5 7.c4 d4 8.e3 Nc6 9.
exd4 cxd4 10.d3 Nd7 11.Nbd2 Nc5 12.Ne1 Bf5 13.Ne4 Bxe4 14.Bxe4 a5 15.Bg2 
e5 16.Ba3 Qb6 17.Nc2 f5 18.Bd5+ Kh8 19.Re1 Rae8 20.Bxc5 Qxc5 21.a3 e4 22.
f4 exf3 23.Rxe8 Rxe8 24.Qxf3 Ne5 25.Qe2 Re7 26.b4 Qd6 27.bxa5 Nxc4 28.Qf3 
Nxa5 29.Nb4 Bh6 30.Ra2 Re1+ 31.Kg2 Be3 32.Nc2 Rg1+ 33.Kh3 Qd8 0-1

[Event "23rd EUR-ch"]
[Site "Vrnjacka Banja SRB"]
[Date "2023.03.12"]
[Round "10.168"]
[White "Braun, Christian"]
[Black "Medancic, Rikard"]
[Result "1-0"]
[WhiteElo "2449"]
[BlackElo "2139"]
[EventDate "2023.03.03"]
[PlyCount "135"]

1.Nf3 d5 2.g3 Nf6 3.Bg2 Bg4 4.c4 c6 5.cxd5 cxd5 6.Ne5 Bf5 7.Nc3 Be6 8.d4 
Nc6 9.Bf4 Qb6 10.Nxc6 bxc6 11.O-O g6 12.Na4 Qb5 13.Nc5 Bf5 14.a4 Qb6 15.
Ra3 Bg7 16.Rb3 Qd8 17.h3 O-O 18.g4 Bc8 19.Qd2 Re8 20.Rc1 h5 21.f3 hxg4 22.
hxg4 Nd7 23.Bh6 Bh8 24.Be3 Nxc5 25.Rxc5 Qd6 26.Qc2 Bd7 27.Ra5 e5 28.dxe5 
Bxe5 29.Kf1 Qf6 30.Rxa7 Rxa7 31.Bxa7 Bxg4 32.Bf2 Bf5 33.Qd2 Ra8 34.a5 Qd8 
35.Rb6 Bc7 36.Rxc6 Rxa5 37.Rc1 Rb5 38.Bd4 Qb8 39.Rc5 Rxc5 40.Bxc5 Bd6 41.
b4 Be6 42.Qc3 Bf4 43.Bd4 Bh6 44.Bc5 Bg7 45.Qd2 Qg3 46.Bf2 Qb8 47.Bd4 Bf8 
48.Bc3 Bd6 49.Qd4 Kf8 50.Qh8+ Ke7 51.Qh4+ Kd7 52.Bh3 Bxh3+ 53.Qxh3+ Kc6 
54.Qg4 Qe8 55.Qd4 Qe6 56.Ke1 Qf5 57.Qd1 Kb5 58.Qa1 Kc4 59.Bd2 Bg3+ 60.Kd1 
Kb3 61.Qc3+ Ka4 62.e4 dxe4 63.fxe4 Qf2 64.Qc4 Bf4 65.b5+ Ka3 66.Qc3+ Ka2 
67.Qc2+ Ka3 68.Bc1+ 1-0

[Event "23rd EUR-ch"]
[Site "Vrnjacka Banja SRB"]
[Date "2023.03.12"]
[Round "10.169"]
[White "Gkavardinas, Antonios"]
[Black "Novkovic, Milan"]
[Result "0-1"]
[WhiteElo "2121"]
[BlackElo "2356"]
[EventDate "2023.03.03"]
[PlyCount "136"]

1.e4 c5 2.Nf3 e6 3.b3 a6 4.Bb2 d5 5.exd5 exd5 6.d4 Nf6 7.Be2 Be7 8.O-O O-O
9.a4 Nc6 10.Na3 Be6 11.Re1 Rc8 12.Bd3 Bg4 13.dxc5 Bxc5 14.h3 Bh5 15.Bf5 
Rc7 16.Qd3 Bxf3 17.Qxf3 Bd4 18.c3 Be5 19.Rad1 Qb8 20.Rd2 Re8 21.Rde2 Rce7 
22.g3 Bd6 23.Rxe7 Rxe7 24.Rxe7 Bxe7 25.Kg2 Qe5 26.Nc2 Bc5 27.Ba1 Qd6 28.
Qe2 Bb6 29.Nd4 Bxd4 30.cxd4 Qb4 31.Qe3 g6 32.Bc2 Nd7 33.Bc3 Qd6 34.h4 h5 
35.Bd3 Nf8 36.Bc2 Ne6 37.f3 Qe7 38.Qd2 Qf6 39.b4 Ne7 40.b5 axb5 41.axb5 
Nf5 42.Bxf5 Qxf5 43.f4 Qe4+ 44.Kh2 Ng7 45.Qe1 Qxe1 46.Bxe1 Nf5 47.Bc3 Nd6 
48.b6 Nc4 49.Kg2 Nxb6 50.Kf3 Kg7 51.g4 f5 52.gxf5 Kf6 53.fxg6 Kxg6 54.Bb4 
Nc8 55.Ba3 Kf5 56.Bf8 Na7 57.Bc5 Nc6 58.Bb6 Ne7 59.Bd8 Ng6 60.Bg5 b5 61.
Ke3 Kg4 62.f5 Kxf5 63.Kd3 Kg4 64.Kc3 Nxh4 65.Bf6 Nf3 66.Kb4 Kf5 67.Be7 h4 
68.Kc5 h3 0-1

[Event "23rd EUR-ch"]
[Site "Vrnjacka Banja SRB"]
[Date "2023.03.12"]
[Round "10.170"]
[White "Giacomini, Hector"]
[Black "Nyysti, Sampsa"]
[Result "0-1"]
[WhiteElo "2121"]
[BlackElo "2345"]
[EventDate "2023.03.03"]
[PlyCount "90"]

1.Nf3 Nf6 2.e3 g6 3.d4 Bg7 4.c4 O-O 5.Be2 c5 6.dxc5 Na6 7.O-O Nxc5 8.b4 
Nfe4 9.Nd4 Ne6 10.Bb2 Qb6 11.a3 d5 12.Bf3 Nxd4 13.Bxd4 Bxd4 14.Qxd4 Qxd4 
15.exd4 a5 16.b5 Bf5 17.c5 e5 18.Bxe4 Bxe4 19.dxe5 Rfc8 20.Rc1 Bd3 21.Nd2 
Bxb5 22.Rab1 Ba6 23.Rb2 Rc7 24.Rbc2 Rac8 25.a4 d4 26.Nb3 d3 27.Rc3 Rd8 28.
Rd1 g5 29.h4 Rd5 30.hxg5 Rxe5 31.f4 Re4 32.Nc1 Rxa4 33.Nxd3 Rd7 34.Kf2 
Rad4 35.Ke3 Kf8 36.g3 Ke7 37.Rd2 Rxd3+ 38.Rdxd3 Rxd3+ 39.Rxd3 Bxd3 40.Kxd3
Kd7 41.f5 Kc6 42.Kd4 a4 43.Ke5 a3 44.Kf6 a2 45.Kxf7 a1=Q 0-1

[Event "23rd EUR-ch"]
[Site "Vrnjacka Banja SRB"]
[Date "2023.03.12"]
[Round "10.171"]
[White "Kostov, Deyan Samuil"]
[Black "Yordanov, Lachezar"]
[Result "1/2-1/2"]
[WhiteElo "2120"]
[BlackElo "2335"]
[EventDate "2023.03.03"]
[PlyCount "115"]

1.d4 Nf6 2.c4 e6 3.Nc3 Bb4 4.e3 O-O 5.Bd3 Re8 6.Ne2 d5 7.a3 Bf8 8.O-O Nbd7
9.b3 b6 10.Bb2 Bb7 11.Rc1 Rc8 12.Qc2 c5 13.Qb1 cxd4 14.exd4 dxc4 15.bxc4 
e5 16.d5 Ba6 17.Ne4 Nxe4 18.Bxe4 g6 19.Bd3 Nc5 20.Ng3 Bg7 21.Be2 f5 22.
Rfd1 Qd6 23.Bc3 Rc7 24.Nf1 Rec8 25.Nd2 Qd7 26.Bb4 Bh6 27.Qa2 Kh8 28.Rc2 
Bg7 29.h3 e4 30.Rcc1 h5 31.Nb3 Nd3 32.Bxd3 exd3 33.Nd2 Bxc4 34.Rxc4 Rxc4 
35.Nxc4 Qxd5 36.Qb1 Rxc4 37.Rxd3 Qc6 38.Rd1 Kh7 39.Qb3 a5 40.Bd2 a4 41.Qb1
b5 42.Bb4 Bd4 43.Qa2 Bg7 44.Qe2 Re4 45.Qd3 Rd4 46.Qxd4 Bxd4 47.Rxd4 Qc1+ 
48.Kh2 f4 49.f3 Kg8 50.Rd5 Qc4 51.Rc5 Qd3 52.Rc8+ Kg7 53.Rc5 Kf7 54.Kh1 
Ke6 55.Kh2 Qe2 56.Kh1 Kf7 57.Kh2 Kf6 58.Kh1 1/2-1/2

[Event "23rd EUR-ch"]
[Site "Vrnjacka Banja SRB"]
[Date "2023.03.12"]
[Round "10.172"]
[White "Dimitrijevic, Dusan"]
[Black "Ivanovic, Marko"]
[Result "0-1"]
[WhiteElo "2105"]
[BlackElo "2302"]
[EventDate "2023.03.03"]
[PlyCount "88"]

1.d4 d5 2.Bf4 c5 3.e3 cxd4 4.exd4 Nc6 5.c3 f6 6.Bd3 e5 7.Qh5+ g6 8.Bxg6+ 
hxg6 9.Qxh8 exf4 10.Qxg8 Bf5 11.Ne2 f3 12.gxf3 Qe7 13.Qxd5 Bd3 14.O-O Rd8 
15.Qb3 Qxe2 16.Nd2 Qxd2 17.Rfe1+ Ne7 18.Re3 Bf5 19.Rae1 Rd7 20.R1e2 Qc1+ 
21.Kg2 Bh3+ 22.Kxh3 Qf1+ 23.Kg3 Kd8 24.Rxe7 Bxe7 25.Qg8+ Kc7 26.Qc4+ Kb8 
27.Qe6 Bd6+ 28.f4 Rd8 29.Qxf6 Bc7 30.Re7 Qg1+ 31.Kf3 Qxh2 32.Qf7 Qh3+ 33.
Ke2 Qg4+ 34.Ke3 g5 35.fxg5 Qxg5+ 36.Kd3 Qb5+ 37.Kc2 Bd6 38.Re1 Rf8 39.Qb3 
Qf5+ 40.Kd2 Bf4+ 41.Re3 Bxe3+ 42.fxe3 Re8 43.Qd1 Qe4 44.Qe1 Rg8 0-1

[Event "23rd EUR-ch"]
[Site "Vrnjacka Banja SRB"]
[Date "2023.03.12"]
[Round "10.173"]
[White "Averin, Nikolai"]
[Black "Korelsky, Egor"]
[Result "1/2-1/2"]
[WhiteElo "2296"]
[BlackElo "2127"]
[EventDate "2023.03.03"]
[PlyCount "64"]

1.e4 c5 2.Nf3 e6 3.d4 cxd4 4.Nxd4 a6 5.c4 Nf6 6.Nc3 Qc7 7.a3 b6 8.f4 d6 9.
Bd3 Bb7 10.Qe2 Be7 11.Bd2 Nbd7 12.O-O-O b5 13.cxb5 Nc5 14.Kb1 Nxd3 15.Qxd3
O-O 16.f5 e5 17.Nc6 h6 18.g4 axb5 19.Nxe7+ Qxe7 20.g5 hxg5 21.Bxg5 b4 22.
axb4 d5 23.exd5 Qd6 24.Rhg1 Rfc8 25.b5 Kf8 26.Qh3 Rxc3 27.Qxc3 Bxd5 28.
Rxd5 Qxd5 29.Rc1 Qa2+ 30.Kc2 Qa4+ 31.Kb1 Qa2+ 32.Kc2 Qa4+ 1/2-1/2